Finančná matematika /

Salvato in:
Dettagli Bibliografici
Autori principali: Huťka, Vladimír (Autore), Institoris, Juraj (Autore), Mojžišová, Elena (Autore)
Natura: Libro
Lingua:slovacco
Pubblicazione: Bratislava : Ekonomická univerzita, 1995
Edizione:2. preprac. vyd
Tags: Aggiungi Tag
Nessun Tag, puoi essere il primo ad aggiungerne!!

MARC

LEADER 00000nam a22000003a 4500
001 stu127960
005 20170602132653.2
008 061016s1995----xo------------------slo-d
020 |a 80-225-0642-7 
040 |a STU  |b slo 
041 0 |a slo 
044 |a xo 
080 |a 336.78(075.8)  |7 stu_us_auth*stu4710 
100 1 |a Huťka, Vladimír  |4 aut 
245 1 |a Finančná matematika /  |c [aut.]Huťka,Vladimír, Institoris,Juraj, Mojžišová,Elena 
250 |a 2. preprac. vyd 
260 |a Bratislava :  |b Ekonomická univerzita,  |c 1995 
300 |a 185 s 
700 1 |a Institoris, Juraj  |4 aut 
700 1 |a Mojžišová, Elena  |4 aut 
996 |b 284M074306  |c M* S-1662-1  |l MMKN  |s A  |a 24  |w stu127960_0002